{"text_format":"3","workbook":"xlsx","n_sheets":2,"sheets":["6月月度采购","7月月度采购"],"read":"whole","date_system":"1900"}

{"sheet":"6月月度采购","index":0,"n_rows":55,"n_cols":13,"rows_kept":55,"merged":[[0,0,0,2],[1,0,1,11],[2,0,2,3],[2,8,2,12]]}
["附件："]
["微矿集团2025年6月月度采购成交公示一览表"]
["集团采购供应部",{"$nulls":7},"2025-09-20"]
["序号","时间","申报单位","物质名称","规格型号","品牌/厂家","单位","数量","成交公司","单价","金额","用料单位","备注"]
[1,"2025-06-01","酒业公司","亚克力灯光板","长2.4m 宽：1.2m\n厚0.3mm  乳白色",null,"块",2,"济宁盛泽能源有限公司",685,{"$f":"H5*J5","v":1370},"包装车间"]
[2,"2025-06-02","酒业公司","稀释剂","W817-D","伟迪捷","盒",18,"济宁盛泽能源有限公司",125,{"$f":"H6*J6","v":2250},"包装车间"]
[3,"2025-06-03","酒业公司","35度微山湖一帆\n风顺酒箱（铁盒）","500ml*6\n（含酒标、内盒、\n瓶叉）",null,"个",30000,"山东省儒贤机电设备有限公司",27.48,824400,"销售公司"]
[4,"2025-06-04","酒业公司","丝接铜球阀","1分",null,"个",3,"山东江宏机械设备有限公司","15",45,"德道源"]
[5,"2025-06-05","酒业公司","丝接铜球阀","2分",null,"个",3,"山东江宏机械设备有限公司","20",60,"德道源"]
[6,"2025-06-06","酒业公司","压力表","0-0.6Mpa\n外径12.5mm\n\n\n",null,"个",10,"山东江宏机械设备有限公司","15",150,"德道源"]
[7,"2025-06-07","酒业公司","园林剪","75cm",null,"把",6,"山东江宏机械设备有限公司","35",210,"德道源"]
[8,"2025-06-08","酒业公司","园艺落叶耙","40cm",null,"个",4,"山东江宏机械设备有限公司","18",72,"德道源"]
[9,"2025-06-09","酒业公司","割草机钢丝绳","3.0mm",null,"米",150,"山东江宏机械设备有限公司","1",150,"德道源"]
[10,"2025-06-10","酒业公司","弹簧","0.5*0.5cm",null,"个",8,"山东江宏机械设备有限公司","3",24,"德道源"]
[11,"2025-06-11","酒业公司","弹簧","1*7.5cm",null,"个",10,"山东江宏机械设备有限公司","6",60,"德道源"]
[12,"2025-06-12","酒业公司","2冲程机油","2L",null,"瓶",10,"山东江宏机械设备有限公司","45",450,"德道源"]
[13,"2025-06-13","酒业公司","水龙头","4分（PPR）",null,"个",5,"山东江宏机械设备有限公司","6",30,"德道源"]
[14,"2025-06-14","酒业公司","明装开关盒","86型",null,"个",10,"山东江宏机械设备有限公司","3",30,"德道源"]
[15,"2025-06-15","酒业公司","双联明装盒","86型",null,"个",4,"山东江宏机械设备有限公司","3",12,"德道源"]
[16,"2025-06-16","酒业公司","旋盖机总承","BWG6000-30",null,"套",2,"山东江宏机械设备有限公司","2300",4600,"德道源"]
[17,"2025-06-17","酒业公司","灭草剂","80g/组 100组/箱",null,"箱",2,"山东江宏机械设备有限公司","350",700,"德道源"]
[18,"2025-06-18","酒业公司","拉杆箱","37cm*25cm*60cm",null,"个",800,"山东福森矿山设备有限公司",115,92000,"销售公司"]
[19,"2025-06-19","酒业公司","35°微山湖一帆风顺特曲酒标",null,null,"个",240000,"微山正帅包装科技有限公司",0.045,10800,"彩印公司"]
[20,"2025-06-20","酒业公司","新版微山湖44°大曲酒标",null,null,"个",120000,"微山正帅包装科技有限公司",0.09,10800,"彩印公司"]
[21,"2025-06-21","酒业公司","纸板","1.048*0.474",null,"平方\n",4967.52,"山东钰霖包装科技股份有限公司",1.9,9438.288,"彩印公司"]
[22,"2025-06-22","酒业公司","纸板（垫板）","0.500*0.700",null,"平方\n",3500,"山东钰霖包装科技股份有限公司",1.45,5075,"彩印公司"]
[23,"2025-06-23","酒业公司","防爆风扇","FB(BFS)-600\n0.55kw 220v\n",null,"台",6,"枣庄臻泰商贸有限公司",880,5280,"彩印公司"]
[24,"2025-06-24","酒业公司","鸿运当头瓶","500ml 含盖\n瓶料重：\n470g（±10g）",null,"个",20000,"微山县琪翔商贸有限公司",3.3,66000,"销售公司"]
[25,"2025-06-25","酒业公司","窖藏瓶","450ml含盖  瓶卡\n甁料重：\n470g（±10g）",null,"个",18000,"微山县琪翔商贸有限公司",3.2,57600,"销售公司"]
[26,"2025-06-26","酒业公司","大曲瓶","450ml\n甁料重：\n470g（±10g）",null,"个",160000,"微山县琪翔商贸有限公司",1.25,200000,"销售公司"]
[27,"2025-06-27","酒业公司","倒福酒瓶","490ml\n甁料重：\n470g（±10g）\n",null,"个",20000,"微山县琪翔商贸有限公司",1.8,36000,"销售公司"]
[28,"2025-06-28","酒业公司","35度精品W3瓶","500ml 含盖\n瓶料重：\n520g（±10g）",null,"瓶",30000,"微山县琪翔商贸有限公司",4.5,135000,"销售公司"]
[29,"2025-06-29","酒业公司","52°木盒外饰",null,null,"套",12000,"山东圣佑包装有限公司",0.96,11520,"彩印公司"]
[30,"2025-06-30","酒业公司","39度微山湖鸿运\n当头酒箱","500ml*4套\n（含内盒、狮子扣、2个无纺布手提袋）",null,"个",5000,"郓城丰利包装有限公司",49.5,247500,"销售公司"]
[31,"2025-07-01","酒业公司","35%vol盛世窖藏酒箱","450ml*6\n（含内盒、叉子、铆钉、泡沫垫、底卡）",null,"个",3000,"郓城丰利包装有限公司",36,108000,"销售公司"]
[32,"2025-07-02","酒业公司","微山湖36度圆桶\n礼盒","含盒标、瓶标、\n内盒、铆钉",null,"套",2000,"郓城丰利包装有限公司",32,64000,"销售公司"]
[33,"2025-07-03","酒业公司","微山湖嘉宾二号酒箱","1*6\n（含酒标、内盒、底卡、铆钉）",null,"个",5000,"郓城丰利包装有限公司",13.2,66000,"销售公司"]
[34,"2025-07-04","酒业公司","39%vol微山湖宴\n宾壹号酒箱盒","500ml*6\n（含酒标、内盒、底卡）",null,"套",5000,"郓城丰利包装有限公司",13.5,67500,"销售公司"]
[35,"2025-07-05","酒业公司","52°福禄寿喜酒\n透明盒箱","490ml*4\n（含内盒、狮子扣、2个无纺布手提袋）",null,"套",2000,"郓城丰利包装有限公司",43.5,87000,"销售公司"]
[36,"2025-07-06","酒业公司","35度微山湖精品W3酒箱","内盒、铆钉、3个卡纸手提袋",null,"套",5000,"郓城丰利包装有限公司",43.5,217500,"销售公司"]
[38,"2025-07-08","酒业公司","42°大曲盖",null,null,"个",180000,"连云港市能瑞包装有限公司",0.48,86400,"销售公司"]
[40,"2025-07-10","酒业公司","BOPP膜","1.5丝540mm",null,"公斤",600,"山东圣佑包装有限公司",20.6,12360,"彩印公司"]
[42,"2025-07-12","酒业公司","螺丝","6mm*30mm\n加强型六棱螺丝",null,"个",20,"山东江宏机械设备有限公司",0.5,{"$f":"H43*J43","v":10},"彩印公司"]
[43,"2025-07-13","酒业公司","活口扳手","4英寸",null,"把",1,"山东江宏机械设备有限公司",10,10,"彩印公司"]
[44,"2025-07-14","酒业公司","活口扳手","6英寸",null,"把",1,"山东江宏机械设备有限公司",13,13,"彩印公司"]
[45,"2025-07-15","酒业公司","气动两联件","BFC-3000",null,"个",1,"山东江宏机械设备有限公司",48,48,"彩印公司"]
[46,"2025-07-16","酒业公司","润滑油","500ml/瓶","锐鲸牌","瓶",4,"山东江宏机械设备有限公司",50,200,"彩印公司"]
[47,"2025-07-17","酒业公司","电磁阀","4V310-10",null,"个",3,"山东江宏机械设备有限公司",100,300,"彩印公司"]
[48,"2025-07-18","酒业公司","缠绕膜","600mm",null,"公斤",50,"山东江宏机械设备有限公司",190,9500,"彩印公司"]
[49,"2025-07-19","酒业公司","气缸","TGM40*25",null,"个",5,"山东江宏机械设备有限公司",350,1750,"彩印公司"]
[50,"2025-07-20","酒业公司","气缸","TBC32*25",null,"个",3,"山东江宏机械设备有限公司",150,450,"彩印公司"]
[51,"2025-07-21","酒业公司","胶壶","260ml",null,"个",60,"山东江宏机械设备有限公司",5,300,"彩印公司"]
[]
[]
[{"$nulls":10},{"$f":"SUM(K5:K54)","v":2442967.288}]

{"sheet":"7月月度采购","index":1,"n_rows":22,"n_cols":13,"rows_kept":22,"merged":[[0,0,0,2],[1,0,1,11],[2,0,2,3],[2,8,2,12],[13,5,17,5]]}
["附件："]
["微矿集团2025年7月月度采购成交公示一览表"]
["集团采购供应部",{"$nulls":7},"2025-09-20"]
["序号","时间","申报单位","物质名称","规格型号","品牌/厂家","单位","数量","成交公司","单价","金额","用料单位","备注"]
[1,"2025-07-26","酒业公司","己酸乙酯","20公斤/桶",null,"公斤",400,"徐州市金桥添加剂有限公司",40,{"$f":"H5*J5","v":16000},"原酒库"]
[2,"2025-07-27","酒业公司","乙酸乙酯","20公斤/桶",null,"公斤",140,"徐州市金桥添加剂有限公司",20,2800,"原酒库"]
[3,"2025-07-28","酒业公司","乳酸乙酯","20公斤/桶",null,"公斤",80,"徐州市金桥添加剂有限公司",24,1920,"原酒库"]
[4,"2025-07-29","酒业公司","冰乙酸","20公斤/桶",null,"公斤",40,"徐州市金桥添加剂有限公司",40,1600,"原酒库"]
[5,"2025-07-30","酒业公司","己酸","20公斤/桶",null,"千克",60,"徐州市金桥添加剂有限公司",40,2400,"原酒库"]
[6,"2025-07-31","酒业公司","酒精","特级  浓度≥96","安徽安特","吨",60,"安徽安特食品股份有限公司",null,0,"原酒库"]
[7,"2025-07-01","酒业公司","耐震压力表","0-1MPa","青岛布莱\n迪仪表","个",2,"山东江宏机械设备有限公司",49,98,"原酒库"]
[8,"2025-07-30","酒业公司","卡箍式手动\n蝶阀","外径64mm内径48mm\n304不锈钢",null,"个",20,"山东江宏机械设备有限公司",100,2000,"原酒库"]
[9,"2025-07-31","酒业公司","卡箍式手动\n蝶阀","外径50.5mm\n内径29mm \n304不锈钢",null,"个",10,"山东江宏机械设备有限公司",90,900,"原酒库"]
[10,"2025-07-01","酒业公司","主动轮","38.1*82.6链片","齐鲁包装机械设备有限公司","个",5,"山东江宏机械设备有限公司",385,1925,"包装车间"]
[11,"2025-07-30","酒业公司","被动轮","38.1*82.6链片",null,"个",5,"山东江宏机械设备有限公司",380,1900,"包装车间"]
[12,"2025-07-31","酒业公司","主动轮轴","38.1*82.6链片",null,"个",2,"山东江宏机械设备有限公司",860,1720,"包装车间"]
[13,"2025-07-01","酒业公司","被动轮轴","38.1*82.6链片",null,"个",2,"山东江宏机械设备有限公司",485,970,"包装车间"]
[14,"2025-07-30","酒业公司","被动轮隔套","∅40*∅32*8",null,"个",10,"山东江宏机械设备有限公司",115,1150,"包装车间"]
[15,"2025-07-31","酒业公司","30口蓝色盖子","蓝色",null,"个",100000,"费县皇鑫塑业有限公司",0.03,3000,"德道源"]
[16,"2025-07-01","酒业公司","350ml胜云水蓝色瓶子","350ml蓝色",null,"个",100000,"费县皇鑫塑业有限公司",0.3,30000,"德道源"]
[17,"2025-07-02","酒业公司","350ml胜云水标签","350ml",null,"个",100000,"济宁盛泽能源有限公司",0.07,7000,"德道源"]
[{"$nulls":10},{"$f":"SUM(K5:K21)","v":75383}]